[Event "XVI Weekend A"]
[Site "Campodarsego ITA"]
[Date "2005.01.22"]
[Round "2"]
[White "Pircher, Karl"]
[Black "Giancotti, Eraldo"]
[Result "1-0"]
[WhiteElo "2012"]
[BlackElo "2085"]
[PlyCount "63"]
[EventDate "2005.01.21"]

1. d4 Nf6 2. c4 g6 3. Nc3 Bg7 4. e4 d6 5. Nf3 O-O 6. Be2 Na6 7. O-O e5 8. Be3
Ng4 9. Bg5 Qe8 10. h3 exd4 11. Nxd4 Nf6 12. f3 Qe5 13. Be3 Qg3 14. Qe1 Qe5 15.
Qd2 Re8 16. Rfe1 c6 17. Bf1 Nd7 18. Rad1 Ndc5 19. Nc2 Rd8 20. Bd4 Qg3 21. Bf2
Qe5 22. f4 Qh5 23. e5 Bf8 24. b4 Ne6 25. Ne4 Qf5 26. exd6 Nxf4 27. Nd4 Qe5 28.
Nf3 Qf5 29. Nh4 Nxh3+ 30. gxh3 Qe6 31. c5 Nc7 32. Qg5 1-0

[Event "XVI Weekend A"]
[Site "Campodarsego ITA"]
[Date "2005.01.22"]
[Round "2"]
[White "Quaranta, Cristiano"]
[Black "Forato, Enrico"]
[Result "1-0"]
[WhiteElo "2072"]
[BlackElo "1993"]
[PlyCount "83"]
[EventDate "2005.01.21"]

1. d4 Nf6 2. Bg5 g6 3. Bxf6 exf6 4. c4 Bg7 5. Nc3 O-O 6. g3 Nc6 7. Bg2 d6 8. e3
f5 9. Nge2 Nb8 10. O-O Nd7 11. b4 Nf6 12. Rb1 Re8 13. Qc2 g5 14. a4 Rb8 15. b5
b6 16. a5 Qd7 17. a6 Qe6 18. Nd5 Nxd5 19. cxd5 Qd7 20. Rfc1 Re7 21. Qc6 Qd8 22.
Rc3 Bh6 23. Rbc1 f4 24. gxf4 gxf4 25. Nxf4 Bxf4 26. exf4 Bf5 27. Re3 Rc8 28.
Qb7 Rxe3 29. fxe3 Qe8 30. e4 Qe7 31. Rc3 Kh8 32. Kf1 Qh4 33. Rf3 Re8 34. Qc6
Rxe4 35. Qa8+ Kg7 36. Rg3+ Bg6 37. Bxe4 Qxf4+ 38. Bf3 Qc1+ 39. Kg2 Qd2+ 40. Kh1
Qxd4 41. Qe8 Qf2 42. Qe2 1-0

[Event "XVI Weekend A"]
[Site "Campodarsego ITA"]
[Date "2005.01.22"]
[Round "2"]
[White "Roberti, Ignazio"]
[Black "Molina, Fabrizio"]
[Result "0-1"]
[WhiteElo "1975"]
[BlackElo "2276"]
[PlyCount "72"]
[EventDate "2005.01.21"]

1. e4 d6 2. d4 Nf6 3. Nc3 Nbd7 4. Nf3 e5 5. dxe5 dxe5 6. Bc4 Be7 7. O-O c6 8.
a4 Qc7 9. Qe2 h6 10. Rb1 Nf8 11. h3 g5 12. Nh2 Ng6 13. b4 Rg8 14. Kh1 Bd7 15.
Bd2 Rd8 16. a5 Bc8 17. Be3 Nf4 18. Bxf4 gxf4 19. Rfd1 Rd6 20. Rxd6 Bxd6 21. Qf3
Rg6 22. Ne2 a6 23. c3 Qe7 24. Nc1 Nh7 25. Qh5 Qf6 26. Nd3 Qg7 27. Ne1 Ng5 28.
Nd3 Nxe4 29. Ng4 Rg5 30. Qh4 Bxg4 31. hxg4 Nd2 32. Bxf7+ Kxf7 33. Rd1 Ne4 34.
f3 Ng3+ 35. Kh2 Be7 36. Nf2 Rh5 0-1

[Event "XVI Weekend A"]
[Site "Campodarsego ITA"]
[Date "2005.01.22"]
[Round "2"]
[White "Stafie, Constantin"]
[Black "Busi, Massimo"]
[Result "1-0"]
[WhiteElo "2100"]
[BlackElo "1820"]
[PlyCount "108"]
[EventDate "2005.01.21"]

1. e4 e6 2. d4 d5 3. Nd2 Nf6 4. e5 Nfd7 5. c3 c5 6. Bd3 Nc6 7. Ne2 Qb6 8. Nf3
f6 9. exf6 Nxf6 10. O-O Bd7 11. a4 c4 12. Bc2 Bd6 13. Ng5 Ne7 14. a5 Qc7 15. g3
h6 16. Nf3 Nh5 17. Re1 O-O 18. Ne5 Be8 19. Nf4 Nxf4 20. Bxf4 Nf5 21. Qg4 Qe7
22. h4 Qf6 23. Re2 Rd8 24. h5 Bxe5 25. Rxe5 Qf7 26. Rae1 Qxh5 27. Qxh5 Bxh5 28.
Rxe6 Nh4 29. R1e3 Bg4 30. Rd6 Nf5 31. Rxd8 Rxd8 32. Re5 g6 33. Kg2 Ng7 34. Bxg6
Rd6 35. Bc2 Kf7 36. f3 Be6 37. Bxh6 Ne8 38. b3 cxb3 39. Bxb3 Nc7 40. Bd2 Ra6
41. Rh5 Kg6 42. g4 Rxa5 43. Bf4 Rb5 44. Bc2+ Kf7 45. Kg3 Ne8 46. Rh7+ Kg8 47.
Be5 Kf8 48. Bg6 Bg8 49. Rh8 a5 50. Bh7 Ke7 51. Rxg8 a4 52. Bg6 Nd6 53. Ra8 Rb3
54. Rxa4 Rxc3 1-0

[Event "XVI Weekend A"]
[Site "Campodarsego ITA"]
[Date "2005.01.22"]
[Round "2"]
[White "Valentini, Paola"]
[Black "Xia, Jie"]
[Result "1/2-1/2"]
[WhiteElo "1790"]
[BlackElo "2097"]
[PlyCount "105"]
[EventDate "2005.01.21"]

1. c4 Nf6 2. Nc3 g6 3. g3 Bg7 4. Bg2 O-O 5. Nf3 d6 6. O-O e5 7. d3 Nc6 8. Rb1
a5 9. Bg5 h6 10. Bxf6 Bxf6 11. a3 Be6 12. b4 axb4 13. axb4 Qd7 14. Nd2 Bh3 15.
Nde4 Bd8 16. b5 Nd4 17. e3 Bxg2 18. Kxg2 Ne6 19. g4 f5 20. gxf5 gxf5 21. Ng3
Kh7 22. Kh1 c6 23. bxc6 bxc6 24. Rg1 d5 25. Qh5 Ng7 26. Qe2 Qf7 27. Qb2 f4 28.
exf4 exf4 29. Nge2 Ra7 30. cxd5 cxd5 31. Nb5 Rd7 32. Qc2 Bg5 33. Qc6 Re7 34.
Ned4 Nf5 35. Nf3 Rg8 36. Nc3 Qf6 37. Qxf6 Bxf6 38. Nxd5 Re6 39. Rb7+ Kh8 40.
Rxg8+ Kxg8 41. Nxf4 Rc6 42. Nd5 Rc1+ 43. Kg2 Ba1 44. Ne7+ Nxe7 45. Rxe7 Rc3 46.
d4 Rd3 47. Rd7 Kf8 48. d5 Ke8 49. Rh7 Rxd5 50. Rxh6 Kf7 51. h4 Kg7 52. Ra6 Bf6
53. Kg3 1/2-1/2

[Event "XVI Weekend A"]
[Site "Campodarsego ITA"]
[Date "2005.01.22"]
[Round "2"]
[White "Verducci, Gianni"]
[Black "Cedriano, Filippo"]
[Result "1/2-1/2"]
[WhiteElo "2081"]
[BlackElo "2052"]
[PlyCount "90"]
[EventDate "2005.01.21"]

1. e4 c5 2. Nc3 g6 3. Nge2 Bg7 4. g3 d6 5. Bg2 Nf6 6. O-O O-O 7. d3 Nc6 8. f4
Ne8 9. f5 Nd4 10. Nf4 Rb8 11. Ncd5 e6 12. Ne3 exf5 13. c3 Ne6 14. exf5 Nxf4 15.
Rxf4 Bh6 16. Rh4 Bg5 17. fxg6 hxg6 18. Re4 f5 19. Ra4 a6 20. Bd5+ Kg7 21. Ng2
Bxc1 22. Qxc1 Nc7 23. Bb3 Be6 24. Rh4 g5 25. Rh3 Qf6 26. Qe3 Bxb3 27. axb3 Rbe8
28. Qf2 Re6 29. Rf1 Qg6 30. d4 b6 31. dxc5 dxc5 32. Qc2 Nd5 33. Qd3 Rd6 34.
Qxa6 f4 35. Qb7+ Rf7 36. Qc8 Rf8 37. Qg4 Nf6 38. Qe2 Re8 39. Qa6 Nd5 40. Qb7+
Re7 41. Qc8 Re8 42. Qg4 Nf6 43. Qf3 g4 44. Qxf4 gxh3 45. Nh4 Nh5 1/2-1/2

[Event "XVI Weekend A"]
[Site "Campodarsego ITA"]
[Date "2005.01.22"]
[Round "3"]
[White "Allegranti, Luca"]
[Black "Verducci, Gianni"]
[Result "1-0"]
[WhiteElo "2024"]
[BlackElo "2081"]
[PlyCount "109"]
[EventDate "2005.01.21"]

1. d4 d5 2. Nf3 Nf6 3. e3 c5 4. c3 Nc6 5. Bd3 Bg4 6. Nbd2 e5 7. dxe5 Nxe5 8.
Qa4+ Bd7 9. Bb5 Bd6 10. Nxe5 Bxe5 11. Nf3 Bc7 12. O-O O-O 13. Bxd7 Nxd7 14. c4
Nb6 15. Qb5 Qd6 16. cxd5 Qxd5 17. b3 a6 18. Qe2 Rad8 19. Ba3 Nd7 20. Rac1 b6
21. Rfd1 Qh5 22. Bb2 Bxh2+ 23. Kf1 Bc7 24. Qxa6 Qh1+ 25. Ke2 Qh5 26. Qb7 Be5
27. Rd5 Bxb2 28. Rxh5 Bxc1 29. Rh1 Ba3 30. Rd1 Nf6 31. Rxd8 Rxd8 32. Qxb6 Re8
33. Qa7 Bb4 34. a3 Bc3 35. Qxc5 Bb2 36. a4 h6 37. Nd2 Rb8 38. f3 g6 39. a5 Kg7
40. a6 Nh5 41. Qc7 Rb5 42. a7 Be5 43. Qxe5+ Rxe5 44. a8=Q Nf4+ 45. Kf2 Nd3+ 46.
Kg1 Rxe3 47. Qa1+ Kh7 48. Qd4 Re1+ 49. Kh2 Nc1 50. Ne4 Nxb3 51. Qc3 Re2 52.
Qxb3 Kg7 53. Qc3+ Kf8 54. Qh8+ Ke7 55. Qf6+ 1-0

[Event "XVI Weekend A"]
[Site "Campodarsego ITA"]
[Date "2005.01.22"]
[Round "3"]
[White "Busi, Massimo"]
[Black "Galiazzo, Giuliano"]
[Result "0-1"]
[WhiteElo "1820"]
[BlackElo "2032"]
[PlyCount "126"]
[EventDate "2005.01.21"]

1. e4 e6 2. d4 d5 3. Nd2 c5 4. exd5 exd5 5. Ngf3 Nc6 6. c3 cxd4 7. Nxd4 Nxd4 8.
cxd4 Nf6 9. Bd3 Bd6 10. O-O O-O 11. Nf3 Ne4 12. Re1 Re8 13. Qc2 Bf5 14. Nd2
Bxh2+ 15. Kf1 Nxd2+ 16. Qxd2 Rxe1+ 17. Kxe1 Bxd3 18. Qxd3 Bd6 19. g3 Qd7 20.
Be3 Bb4+ 21. Kf1 Rc8 22. Kg2 a6 23. Rh1 g6 24. Bc1 Qe6 25. a3 Bf8 26. f3 Re8
27. Kf2 Bg7 28. Bd2 b5 29. Bc3 Qc6 30. b3 Rc8 31. Rc1 Bf8 32. Bb2 Qd7 33. Rh1
a5 34. g4 a4 35. Rc1 Rxc1 36. Bxc1 axb3 37. Qxb3 Qc6 38. Qe3 b4 39. axb4 Bxb4
40. Kg3 Qe6 41. Kf2 Qxe3+ 42. Kxe3 f6 43. Kd3 Kf7 44. Bf4 h5 45. Bg3 Ke6 46.
Ke3 hxg4 47. fxg4 Bd6 48. Bf2 f5 49. Kf3 Kf6 50. Be1 Ba3 51. Ba5 fxg4+ 52. Kxg4
Bc1 53. Bc7 Ke6 54. Be5 Kd7 55. Kf3 Kc6 56. Ke2 Kb5 57. Kd3 g5 58. Bg3 Bf4 59.
Bf2 g4 60. Bg1 g3 61. Kc3 Bg5 62. Kb3 Bd2 63. Kc2 Be1 0-1

[Event "XVI Weekend A"]
[Site "Campodarsego ITA"]
[Date "2005.01.22"]
[Round "3"]
[White "Cedriano, Filippo"]
[Black "Bonafede, Alessandro"]
[Result "0-1"]
[WhiteElo "2052"]
[BlackElo "2089"]
[PlyCount "38"]
[EventDate "2005.01.21"]

1. e4 c5 2. Nc3 Nc6 3. f4 g6 4. Nf3 Bg7 5. Bc4 e6 6. d3 Nge7 7. O-O O-O 8. Qe1
b6 9. Qh4 Bb7 10. f5 gxf5 11. Ng5 h6 12. Rf3 d5 13. Bb3 c4 14. Ba4 dxe4 15.
Ngxe4 fxe4 16. Rh3 Nf5 17. Qh5 exd3 18. cxd3 cxd3 19. Bd2 Ne5 0-1

[Event "XVI Weekend A"]
[Site "Campodarsego ITA"]
[Date "2005.01.22"]
[Round "3"]
[White "Drezzadore, Dario"]
[Black "Stafie, Constantin"]
[Result "1/2-1/2"]
[WhiteElo "1963"]
[BlackElo "2100"]
[PlyCount "79"]
[EventDate "2005.01.21"]

1. e4 c5 2. d4 cxd4 3. c3 dxc3 4. Nxc3 Nc6 5. Nf3 d6 6. Bc4 e6 7. O-O Be7 8.
Qe2 a6 9. a4 Nf6 10. Rd1 Qc7 11. Bf4 Nh5 12. Be3 O-O 13. Rac1 Nf6 14. Bf4 Ne5
15. Nxe5 dxe5 16. Bg5 Qa5 17. Rd3 Rd8 18. Rxd8+ Qxd8 19. Rd1 Qc7 20. Qd3 h6 21.
Bxf6 Bxf6 22. Bb3 Be7 23. h3 b6 24. Kh2 Bb7 25. Qd7 Rc8 26. Bxe6 Kf8 27. Bb3
Qxd7 28. Rxd7 Bc6 29. Ra7 a5 30. Kg3 Be8 31. Nd5 Bc5 32. Rc7 Rxc7 33. Nxc7 Bc6
34. Nd5 Bd4 35. Kf3 Ke8 36. Ke2 Bc5 37. f3 Bd4 38. Kd3 Bxd5 39. Bxd5 f6 40. Kc4
1/2-1/2

[Event "XVI Weekend A"]
[Site "Campodarsego ITA"]
[Date "2005.01.22"]
[Round "3"]
[White "Dvirnyy, Danyyil"]
[Black "Pircher, Karl"]
[Result "1-0"]
[WhiteElo "2098"]
[BlackElo "2012"]
[PlyCount "55"]
[EventDate "2005.01.21"]

1. e4 e6 2. d4 d5 3. e5 c5 4. c3 Nc6 5. Nf3 Qb6 6. Bd3 Bd7 7. dxc5 Bxc5 8. O-O
Qc7 9. Qe2 a6 10. a4 Nge7 11. b4 Bb6 12. Ba3 Ng6 13. Bxg6 hxg6 14. Nbd2 Rh5 15.
Rfe1 Qb8 16. b5 Na5 17. c4 dxc4 18. Nxc4 Nxc4 19. Qxc4 a5 20. Rac1 g5 21. Qg4
g6 22. Red1 Qa7 23. Nxg5 Bxf2+ 24. Kh1 Be3 25. Ne4 Bxc1 26. Nf6+ Kd8 27. Rxd7+
Kc8 28. Qc4+ 1-0

[Event "XVI Weekend A"]
[Site "Campodarsego ITA"]
[Date "2005.01.22"]
[Round "3"]
[White "Gennari, Leone"]
[Black "Giancotti, Eraldo"]
[Result "1-0"]
[WhiteElo "2053"]
[BlackElo "2085"]
[PlyCount "87"]
[EventDate "2005.01.21"]

1. d4 d6 2. c4 f5 3. Nc3 Nf6 4. Nf3 g6 5. Bf4 Bg7 6. h3 c6 7. e3 Qa5 8. Qb3 Ne4
9. Be2 c5 10. O-O cxd4 11. exd4 Nc6 12. Rad1 Nxc3 13. bxc3 e5 14. Bh2 Qb6 15.
Qa3 Bf8 16. Rb1 Qd8 17. Qb3 e4 18. Ne1 Qg5 19. Kh1 Be7 20. Nc2 f4 21. Qb5 O-O
22. Qxg5 Bxg5 23. Bg4 Bxg4 24. hxg4 b6 25. Rb5 h6 26. Re1 Rfe8 27. Nb4 Na5 28.
Nd5 Rac8 29. Bxf4 Bxf4 30. Nxf4 Kf7 31. c5 dxc5 32. dxc5 Rxc5 33. Rxc5 bxc5 34.
Rd1 Nc6 35. Nxg6 e3 36. fxe3 Rxe3 37. Rd6 Nb8 38. c4 Re1+ 39. Kh2 a5 40. Nf4
Re4 41. Nd3 Rd4 42. Ne5+ Kg7 43. Rg6+ Kh7 44. Rb6 1-0

[Event "XVI Weekend A"]
[Site "Campodarsego ITA"]
[Date "2005.01.22"]
[Round "3"]
[White "Gromovs, Sergejs"]
[Black "Caruso, Augusto"]
[Result "1-0"]
[WhiteElo "2335"]
[BlackElo "2214"]
[PlyCount "55"]
[EventDate "2005.01.21"]

1. d4 Nf6 2. Nf3 e6 3. c4 b6 4. a3 g6 5. Nc3 Bb7 6. d5 Bg7 7. e4 exd5 8. cxd5
Qe7 9. Bd3 Nxd5 10. Nxd5 Bxd5 11. O-O Bb7 12. Bg5 f6 13. Bf4 O-O 14. Bxc7 d5
15. Rc1 Kh8 16. exd5 Bxd5 17. Bxg6 Qd7 18. Bb1 Bh6 19. Rc3 Na6 20. Bg3 Rad8 21.
Nh4 f5 22. Qh5 Bg7 23. Bxf5 Rxf5 24. Nxf5 Bxc3 25. bxc3 Qe6 26. Nd4 Qg6 27.
Qe5+ Kg8 28. Nf5 1-0

[Event "XVI Weekend A"]
[Site "Campodarsego ITA"]
[Date "2005.01.22"]
[Round "3"]
[White "Molina, Fabrizio"]
[Black "Cacco, Christian"]
[Result "1/2-1/2"]
[WhiteElo "2276"]
[BlackElo "2282"]
[PlyCount "131"]
[EventDate "2005.01.21"]

1. c4 g6 2. Nc3 Bg7 3. g3 e5 4. Bg2 Ne7 5. d3 Nbc6 6. e4 d6 7. Nge2 h5 8. h4
Bg4 9. f3 Be6 10. Nd5 Qd7 11. Bg5 Ng8 12. Qd2 f6 13. Be3 Nb8 14. Qa5 Na6 15. b4
c6 16. b5 cxd5 17. cxd5 Bxd5 18. bxa6 Be6 19. axb7 Qxb7 20. O-O Bh6 21. Bxh6
Rxh6 22. Rab1 Qd7 23. Rfc1 Rh7 24. Qa6 Qd8 25. d4 Rc7 26. d5 Bc8 27. Qa4+ Bd7
28. Qb4 Rxc1+ 29. Nxc1 Qc7 30. Bf1 Rc8 31. Ba6 Rd8 32. Nd3 Ne7 33. Rc1 Qb6+ 34.
Qxb6 axb6 35. Rc7 Ra8 36. Nb4 Kd8 37. Rc3 Ra7 38. Be2 Rc7 39. Rxc7 Kxc7 40. f4
b5 41. f5 gxf5 42. Bxh5 fxe4 43. Bf7 Nf5 44. Kf2 Nh6 45. Bg6 f5 46. Nc2 Kd8 47.
Bh5 Kc7 48. Ke3 Kb6 49. g4 fxg4 50. Bg6 Kc5 51. Kxe4 Kc4 52. Ne3+ Kc3 53. h5
Kb2 54. Bf5 Be8 55. Nxg4 Nxf5 56. Kxf5 Bxh5 57. Nf6 Be2 58. Ke6 Kxa2 59. Kxd6
b4 60. Ne4 Bd3 61. Kxe5 b3 62. d6 b2 63. d7 b1=Q 64. d8=Q Qb2+ 65. Qd4 Qh2+ 66.
Kd5 1/2-1/2

[Event "XVI Weekend A"]
[Site "Campodarsego ITA"]
[Date "2005.01.22"]
[Round "3"]
[White "Padovan, Remo"]
[Black "Dal Zovo, Claudio"]
[Result "1/2-1/2"]
[WhiteElo "1853"]
[BlackElo "1961"]
[PlyCount "99"]
[EventDate "2005.01.21"]

1. d4 Nf6 2. c4 d6 3. Nc3 c6 4. Nf3 Qc7 5. e4 Bg4 6. Be2 Nbd7 7. O-O e5 8. d5
c5 9. Be3 a6 10. h3 Bxf3 11. Bxf3 Be7 12. Be2 Nf8 13. Qd2 Ng6 14. g3 Nd7 15. a3
O-O 16. Bd3 Bf6 17. b4 b6 18. Rab1 Rfb8 19. Rb3 Rb7 20. b5 a5 21. a4 Re8 22.
Kh2 Qd8 23. Be2 Qe7 24. Bg4 Ngf8 25. Be2 g6 26. Bd3 Bg7 27. Rbb1 Nf6 28. Rbe1
N8d7 29. Ne2 Rf8 30. Bh6 Ne8 31. Bxg7 Nxg7 32. Nc3 f5 33. f3 Qd8 34. Qc2 Rf6
35. g4 fxg4 36. fxg4 Qf8 37. Qg2 Qe7 38. Rxf6 Nxf6 39. Rf1 Rb8 40. Ne2 Rf8 41.
Ng3 Nd7 42. Rxf8+ Qxf8 43. Qf1 Qf4 44. Kg2 Kf7 45. Ne2 Qxf1+ 46. Kxf1 Kf6 47.
Kg2 Kg5 48. Kg3 h5 49. h4+ Kf6 50. g5+ 1/2-1/2

[Event "XVI Weekend A"]
[Site "Campodarsego ITA"]
[Date "2005.01.22"]
[Round "3"]
[White "Valentini, Paola"]
[Black "Paris, Giorgio"]
[Result "0-1"]
[WhiteElo "1790"]
[BlackElo "1849"]
[PlyCount "115"]
[EventDate "2005.01.21"]

1. c4 Nf6 2. Nc3 g6 3. g3 d5 4. cxd5 Nxd5 5. Bg2 c6 6. Nf3 Bg7 7. O-O O-O 8. d4
Nd7 9. e4 Nxc3 10. bxc3 c5 11. Be3 Qa5 12. Qc2 Nf6 13. dxc5 Ng4 14. Bd2 Qxc5
15. h3 Ne5 16. Nd4 Bd7 17. Be3 Qc4 18. Rab1 b6 19. Rfc1 Ba4 20. Qd2 Qc8 21. Qe2
Nc4 22. f4 e5 23. fxe5 Nxe5 24. c4 Rd8 25. Nb3 Bf8 26. Bg5 f6 27. Bxf6 Re8 28.
Bxe5 Rxe5 29. Rd1 Qc7 30. Rd5 Rc8 31. Rf1 Bc6 32. Rxe5 Qxe5 33. Qf3 Qe6 34. Qe2
Bb7 35. Rc1 Ba6 36. Nd2 Bh6 37. e5 Kh8 38. Bd5 Qxh3 39. Rc3 Bf4 40. Nf1 Re8 41.
e6 Bd6 42. Rf3 Bc5+ 43. Ne3 Bc8 44. Qb2+ Kg8 45. e7+ Be6 46. Bxe6+ Qxe6 47. Qc3
Rxe7 48. Kf2 Bxe3+ 49. Rxe3 Qxe3+ 50. Qxe3 Rxe3 51. Kxe3 Kf7 52. Ke4 Ke6 53. a4
h5 54. Kf4 Kf6 55. Ke4 g5 56. Kd5 h4 57. gxh4 gxh4 58. a5 0-1

[Event "XVI Weekend A"]
[Site "Campodarsego ITA"]
[Date "2005.01.22"]
[Round "3"]
[White "Xia, Jie"]
[Black "Roberti, Ignazio"]
[Result "0-1"]
[WhiteElo "2097"]
[BlackElo "1975"]
[PlyCount "80"]
[EventDate "2005.01.21"]

1. e4 c5 2. Nf3 Nc6 3. d4 cxd4 4. Nxd4 Nf6 5. Nc3 d6 6. Be2 g6 7. O-O Bg7 8.
Nb3 O-O 9. Bg5 Ne5 10. Kh1 Bd7 11. Qd2 Bc6 12. f4 Ned7 13. Bf3 Qc7 14. Rae1
Rac8 15. Qf2 a6 16. Qh4 Rfe8 17. g4 b5 18. a3 a5 19. Rf2 b4 20. axb4 axb4 21.
Nd1 Nf8 22. Bh6 Ra8 23. Bxg7 Kxg7 24. Nd4 Bb7 25. Rg2 e6 26. Ne3 Qc5 27. Ndf5+
exf5 28. Nxf5+ gxf5 29. gxf5+ Ng6 30. fxg6 hxg6 31. f5 Bxe4 32. Bxe4 Rxe4 33.
Rxe4 Nxe4 34. Qe1 Qxf5 35. h4 Re8 36. Qxb4 Qh3+ 37. Kg1 Qxh4 38. Qd4+ Qf6 39.
Qb6 d5 40. Qb7 Qd4+ 0-1

[Event "XVI Weekend A"]
[Site "Campodarsego ITA"]
[Date "2005.01.22"]
[Round "3"]
[White "Zarpellon, Daniel"]
[Black "Belloni, Umberto"]
[Result "1-0"]
[WhiteElo "2108"]
[BlackElo "1950"]
[PlyCount "83"]
[EventDate "2005.01.21"]

1. d4 d5 2. Nf3 Bg4 3. Ne5 Bh5 4. g4 Bg6 5. h4 h5 6. Nxg6 fxg6 7. g5 e6 8. Bh3
Qd6 9. c4 Ne7 10. c5 Qc6 11. Nc3 Nd7 12. b4 b5 13. a4 Nf5 14. axb5 Qb7 15. c6
Qc8 16. cxd7+ Qxd7 17. Bxf5 gxf5 18. Qb3 Bd6 19. f4 Qe7 20. Rb1 Rb8 21. Qa4 O-O
22. Bd2 Rb7 23. e3 Rfb8 24. Kf2 Re8 25. g6 Reb8 26. Qd1 Kf8 27. Qxh5 Ke8 28.
Qg5 Qf8 29. Na4 Be7 30. Qg2 Rxb5 31. Nc5 Bxc5 32. dxc5 a5 33. h5 Kd7 34. Bc3
axb4 35. Bd4 Ra8 36. Ra1 Rba5 37. Rxa5 Rxa5 38. Kf3 Qa8 39. Qb2 Qb7 40. h6 gxh6
41. g7 Ra8 42. Rxh6 1-0

[Event "XVI Weekend A"]
[Site "Campodarsego ITA"]
[Date "2005.01.23"]
[Round "4"]
[White "Belloni, Umberto"]
[Black "Padovan, Remo"]
[Result "0-1"]
[WhiteElo "1950"]
[BlackElo "1853"]
[PlyCount "98"]
[EventDate "2005.01.21"]

1. e4 c5 2. d3 Nc6 3. c4 d6 4. Nc3 e6 5. f4 Nf6 6. Nf3 Be7 7. Be2 O-O 8. O-O a6
9. a4 Qc7 10. Bd2 Nd7 11. Be1 Nd4 12. Nxd4 cxd4 13. Nb1 b6 14. Nd2 Bb7 15. f5
Bc6 16. Bg3 e5 17. Nf3 b5 18. b3 bxa4 19. bxa4 Rab8 20. Bh4 Qd8 21. Bxe7 Qxe7
22. Qc2 Rb4 23. Rfb1 Rfb8 24. Rxb4 Rxb4 25. a5 Nc5 26. Qd2 Rb8 27. Rf1 f6 28.
g4 Na4 29. h4 Nc3 30. g5 Rb3 31. Rf2 Rb1+ 32. Kh2 Ra1 33. Bf1 Rxa5 34. Rg2 Ra2
35. Qc1 Rxg2+ 36. Kxg2 a5 37. Qa3 a4 38. Kf2 Nd1+ 39. Ke2 Ne3 40. gxf6 gxf6 41.
Ne1 Be8 42. Bg2 Qc7 43. Qa2 Qc5 44. Bf3 Kf8 45. Nc2 Nxc2 46. Qxc2 Qb4 47. Kd1
a3 48. Kc1 Ba4 49. Qd2 Qxd2+ 0-1

[Event "XVI Weekend A"]
[Site "Campodarsego ITA"]
[Date "2005.01.23"]
[Round "4"]
[White "Boanta, Sandu"]
[Black "Gennari, Leone"]
[Result "0-1"]
[WhiteElo "1826"]
[BlackElo "2053"]
[PlyCount "81"]
[EventDate "2005.01.21"]

1. d4 Nf6 2. c4 g6 3. Nc3 Bg7 4. e4 d6 5. f3 O-O 6. Be3 Nbd7 7. Bd3 c5 8. d5 a6
9. Qd2 Ne5 10. Nge2 Nfd7 11. O-O Nxd3 12. Qxd3 Ne5 13. Qc2 Nxc4 14. Bf2 b5 15.
Rad1 Bd7 16. b3 Na3 17. Qc1 b4 18. Nb1 Nb5 19. Nd2 a5 20. Nc4 a4 21. e5 axb3
22. axb3 Ra2 23. Qe3 Qc7 24. h3 Rfa8 25. f4 Na3 26. Nc1 Nxc4 27. bxc4 R2a3 28.
exd6 exd6 29. Nb3 Re8 30. Qf3 Bf5 31. Rde1 Qd7 32. Rxe8+ Qxe8 33. Re1 Qa4 34.
Nxc5 dxc5 35. Qe2 Bf8 36. g4 Bd7 37. Qe5 Qa6 38. Qb8 Qxc4 39. Qc7 Qxd5 40. Rc1
Rxh3 41. Bxc5 0-1

[Event "XVI Weekend A"]
[Site "Campodarsego ITA"]
[Date "2005.01.23"]
[Round "4"]
[White "Bonafede, Alessandro"]
[Black "Dvirnyy, Danyyil"]
[Result "1-0"]
[WhiteElo "2089"]
[BlackElo "2098"]
[PlyCount "69"]
[EventDate "2005.01.21"]

1. e4 c5 2. Nf3 d6 3. d4 cxd4 4. Qxd4 Nc6 5. Bb5 Bd7 6. Bxc6 Bxc6 7. Nc3 Nf6 8.
Bg5 e6 9. O-O-O Be7 10. Qd3 O-O 11. Nd4 Qa5 12. h4 Rfd8 13. f3 Rab8 14. g4 a6
15. Kb1 Qc7 16. Qe3 b5 17. Nce2 Be8 18. Ng3 Rbc8 19. Rh2 Qc5 20. Nh5 d5 21. e5
Nd7 22. f4 Nb6 23. f5 Nc4 24. Qf4 f6 25. Bxf6 gxf6 26. Qh6 Bxh5 27. gxh5 Qb4
28. Rg2+ Kf7 29. fxe6+ Ke8 30. c3 Na3+ 31. Ka1 Rxc3 32. exf6 Rd7 33. Rg8+ Bf8
34. Rxf8+ Qxf8 35. exd7+ 1-0

[Event "XVI Weekend A"]
[Site "Campodarsego ITA"]
[Date "2005.01.23"]
[Round "4"]
[White "Cacco, Christian"]
[Black "Drezzadore, Dario"]
[Result "1-0"]
[WhiteElo "2282"]
[BlackElo "1963"]
[PlyCount "107"]
[EventDate "2005.01.21"]

1. d4 Nf6 2. c4 g6 3. Nc3 Bg7 4. e4 d6 5. Bd3 O-O 6. Nge2 Nc6 7. d5 Ne5 8. O-O
Nfd7 9. f4 Nxd3 10. Qxd3 e5 11. f5 Nc5 12. Qg3 a5 13. Bg5 f6 14. Be3 g5 15. h4
h6 16. Rad1 Rf7 17. Qf3 Bd7 18. Kf2 Rb8 19. Rh1 b5 20. Bxc5 dxc5 21. hxg5 fxg5
22. b3 b4 23. Nb1 a4 24. g4 Rf6 25. Qe3 Qe7 26. Nd2 Ra6 27. Nc1 axb3 28. axb3
Rba8 29. Nf3 Ra3 30. Rd2 Ra1 31. Rb2 R8a3 32. Rg1 Ra5 33. Nd3 R1a3 34. Rgb1 Bc8
35. Nfe1 Bf8 36. Nc2 Ra2 37. Nc1 Rxb2 38. Rxb2 Qf6 39. Ra2 Qa6 40. Rxa5 Qxa5
41. Ke2 Ba6 42. Kd1 Kf7 43. Qg3 Kf6 44. Nd3 Bd6 45. Qh2 Kg7 46. f6+ Kxf6 47.
Qxh6+ Kf7 48. Qe6+ Kf8 49. Qf5+ Ke8 50. Nxe5 Bxe5 51. Qxe5+ Kd7 52. Kc1 Bxc4
53. bxc4 b3 54. Qa1 1-0

[Event "XVI Weekend A"]
[Site "Campodarsego ITA"]
[Date "2005.01.23"]
[Round "4"]
[White "Forato, Enrico"]
[Black "Xia, Jie"]
[Result "0-1"]
[WhiteElo "1993"]
[BlackElo "2097"]
[PlyCount "108"]
[EventDate "2005.01.21"]

1. e4 c5 2. Nf3 d6 3. d4 cxd4 4. Nxd4 Nf6 5. Nc3 a6 6. Be2 e6 7. O-O Be7 8. f4
Qc7 9. Bf3 Nc6 10. Be3 O-O 11. Qe1 Nxd4 12. Bxd4 e5 13. Be3 Be6 14. f5 Bc4 15.
Rf2 Rac8 16. Rd1 Rfd8 17. Rfd2 b5 18. a3 Qc6 19. g4 a5 20. g5 Ne8 21. Qh4 b4
22. axb4 axb4 23. Nd5 Bxd5 24. exd5 Qc4 25. Be4 h6 26. f6 Bxf6 27. gxf6 Nxf6
28. Rg2 Qxe4 29. Qxe4 Nxe4 30. Bxh6 g6 31. Re1 Kh7 32. Rxe4 Kxh6 33. Rxb4 Rc5
34. c4 f5 35. b3 Ra5 36. Ra4 Rxa4 37. bxa4 Ra8 38. Ra2 Ra5 39. c5 Rxc5 40. a5
Rc7 41. a6 Ra7 42. Kf2 Kg5 43. Ke3 Kf6 44. Kd3 g5 45. Kc4 f4 46. h3 Kf5 47. Kd3
e4+ 48. Kd4 e3 49. Ra1 e2 50. Kd3 Rxa6 51. Re1 f3 52. Ke3 Ra3+ 53. Kf2 Kf4 54.
Rg1 Rd3 0-1

[Event "XVI Weekend A"]
[Site "Campodarsego ITA"]
[Date "2005.01.23"]
[Round "4"]
[White "Galiazzo, Giuliano"]
[Black "Valentini, Paola"]
[Result "1/2-1/2"]
[WhiteElo "2032"]
[BlackElo "1790"]
[PlyCount "66"]
[EventDate "2005.01.21"]

1. d4 Nf6 2. Nf3 e6 3. e3 b6 4. Bd3 Bb7 5. Nbd2 Be7 6. O-O O-O 7. c3 d6 8. e4
Nbd7 9. Re1 e5 10. Nf1 h6 11. Ng3 Nh7 12. Nf5 Bf6 13. d5 Nc5 14. Bc2 Bc8 15. g4
Bg5 16. Nxg5 Nxg5 17. b4 Nd7 18. h4 Nh3+ 19. Kg2 Nf4+ 20. Bxf4 exf4 21. Qf3 Ne5
22. Qxf4 Bxf5 23. gxf5 Qf6 24. Qg3 Rfe8 25. b5 a6 26. a4 axb5 27. axb5 Ra5 28.
Rxa5 bxa5 29. Ra1 Ra8 30. Ra4 Nd7 31. f4 Nc5 32. Ra3 Nd7 33. Kh3 Kh8 1/2-1/2

[Event "XVI Weekend A"]
[Site "Campodarsego ITA"]
[Date "2005.01.23"]
[Round "4"]
[White "Paris, Giorgio"]
[Black "Molina, Fabrizio"]
[Result "0-1"]
[WhiteElo "1849"]
[BlackElo "2276"]
[PlyCount "80"]
[EventDate "2005.01.21"]

1. e4 d6 2. d4 Nf6 3. Nc3 Nbd7 4. Bc4 e5 5. Nge2 c6 6. a4 Qc7 7. O-O Be7 8. d5
O-O 9. Bg5 Nb6 10. Bxf6 Bxf6 11. Bb3 a5 12. Qd3 Kh8 13. Rad1 Be7 14. Ng3 g6 15.
f4 exf4 16. Qd4+ f6 17. Rxf4 Nd7 18. Rdf1 Ne5 19. h3 Bd7 20. dxc6 bxc6 21. Kh1
Rab8 22. Qd1 Qc8 23. Kh2 Be6 24. Bxe6 Qxe6 25. b3 Bd8 26. Nge2 Bb6 27. Nd4 Qe7
28. Kh1 Ba7 29. Nce2 Rbd8 30. Nc3 Rb8 31. Nce2 Rb4 32. c3 Rbb8 33. Qd2 Rbd8 34.
b4 axb4 35. cxb4 d5 36. exd5 Rxd5 37. Qc3 Qd6 38. Nf3 Rd3 39. Qa1 Qd5 40. Nxe5
Rxh3# 0-1